| 000 | 00963nam a22002897a 4500 | ||
|---|---|---|---|
| 005 | 20110426164827.0 | ||
| 008 | 110426t xxu||||| |||| 00| 0 eng d | ||
| 010 | _aENG-102315 | ||
| 020 |
_a9788182830783 _c360.00 |
||
| 020 |
_a8182830788 _c360.00 |
||
| 035 | _aEN-85848 | ||
| 037 | _bDBAD/PUB | ||
| 040 |
_adpl _bEng |
||
| 082 | _a547 | ||
| 100 |
_927456 _aSangal, Aditi |
||
| 245 |
_aKrishna's advanced organic chemistry for Honours and post graduate students of all Indian universities / _cby Aditi Sangal |
||
| 260 |
_aMeerut _bKrishna Prakashan Media _c2010 |
||
| 270 |
_a11, Shivaji Road _bMeerut _e250001 _minfo@krishnaprakashan.com |
||
| 300 |
_aV.1(xvi, 720) p. _c24cm (pbk) |
||
| 610 | _927464 | ||
| 650 | _927465 | ||
| 651 | _927466 | ||
| 700 | _927451 | ||
| 710 | _927453 | ||
| 942 |
_2ddc _cEN _h547 _mSAN |
||
| 999 |
_c51916 _d51916 |
||